01723agaaa2200301 45000010005000000030009000050050017000140070009000310080040000400400023000800410013001031000049001161300035001652400035002002450183002352460028004182500022004462600083004683000034005515080164005855110055007495200409008045380016012135460013012296500061012427000057013037000061013606462IT-RoPAU20220918181250.0d cvaizq50131s9999||||xx ||| | || ||und|| aIT-RoPAUcIT-RoPAU aITALIANO aZemeckis RobertgCodice regista SPICS: 26355 aCHI HA INCASTRATO ROGER RABBIT aWHO FRAMED ROGER RABBITgT0855 aCHI HA INCASTRATO ROGER RABBITcSceneggiatura: Price Jeffrey Seaman Peter S. -- Diretto da: Zemeckis RobertpCHI HA INCASTRATO ROGER RABBIT (Rif. Codice opera principale : 76462) aWHO FRAMED ROGER RABBIT aEdizione Standard a(USA)bTOUCHSTONE PICTURES / g"1988 (1° ed.: 1989 ; Ed. Lingua Orig.: 1988)" aVHSbsonoro, col.c110 minuti a"Fotografia: Cundey Dean; Montaggio: Schmidt Arthur; Musica: Silvestri Alan; Sceneggiatura: Price Jeffrey Seaman Peter S.; Scenografia: Elliot-Scott R.-Cain; " a"Hoskins Bob; Lloyd Christopher; Williams Richard" aCOSTUMI-DI-JOANNA-JOHNSTON EFFETTI-SPECIALI-DI-KEN-RALSTON EFFETTI-MECCANICI-DI-GEORGE-GIBBSNEGLI ANNI QUARANTA UN DETECTIVE SCALCINATO CERCA DI SCAGIONARE IL SUO CLIENTE DALL'ACCUSA DI AVER UCCISO UN CORTEGGIATORE DELLA MOGLIE QUI PERO' IL CLIENTE E' UN PERSONAGGIO DEI CARTONI ANIMATI CHE ASSOMIGLIA A BUGS BANNY ELE INDAGINI SI SVOLGONO A CARTONIA DOVE VIVONO CARTONI BUONI E CATTIVI COMPRESO PAPERINO aPAL, STEREO aITALIANO aFICTION ANIMAZ.eFILMS [VHS]xCodice MATERIA SPICS: 9960 aSilvestri Alane(musica)gCodice Musica SPICS: 26366 aZemeckis Robert e(regista)gCodice regista SPICS: 26355